Matematika az alapiskola 3. osztálya számára munkafüzet 2. rész

Bibliographic Details
Main Author: Černek, Pavol, 1952- (Author)
Other Authors: Dzurňák, Dávid (Illustrator), Horváth, Géza (Translator)
Format: Book
Language:Hungarian
Slovak
PhysicalDescription:88 s. fareb. ilustr., tab. 30 cm
Published: Bratislava Slovenské pedagogické nakladateľstvo - Mladé letá 2017
ISBN:9788010031337
Edition:6. módosított kiad.
Subjects:

MARC

LEADER 00000cam a2200000 a 4500
001 vtls011708821
003 SK-MaSNL
005 20260302053450.0
008 240318s2017 xo a b p 000 0 hun
015 |a SNBA2017/10 
020 |a 9788010031337  |q (brož.) 
035 |a urn:nbn:sk:snk-am00czkk 
035 |a urn:nbn:sk:snk-am3hgkg 
035 |a 279092DB-73FF-463E-80F7-7771E163F8ED 
040 |a SNK  |b slo  |c SNK  |e AACR2 
041 1 |a hun  |h slo 
044 |a xo  |c SK 
072 7 |a 373.2/.3  |x Predškolská a primárna výchova a vzdelávanie  |2 konspekt 
072 7 |a 51  |x Matematika  |2 konspekt 
080 |a 51  |2 2011 
080 |a (075.2)  |2 2011 
080 |a (076.1)  |2 2011 
100 1 |a Černek, Pavol,  |d 1952-  |4 aut  |9 7554 
245 1 0 |a Matematika az alapiskola 3. osztálya számára  |b munkafüzet  |n 2. rész  |c Pavol Černek ; [illusztrálta: Dávid Dzurňák ; fordította: Horváth Géza] 
246 1 1 |a Matematika pre 3. ročník základnej školy s vyučovacím jazykom maďarským 
250 |a 6. módosított kiad. 
260 |a Bratislava  |b Slovenské pedagogické nakladateľstvo - Mladé letá  |c 2017 
300 |a 88 s.  |b fareb. ilustr., tab.  |c 30 cm 
500 |a Tiráž aj slovenská 
650 0 7 |a matematika  |2 SNKPH  |9 70174 
650 0 7 |a Mathematics  |2 SNKPHeng  |9 265620 
655 7 |a učebnice základných škôl  |2 SNKPH  |9 70187 
655 7 |a pracovné zošity  |2 SNKPH  |9 70188 
655 7 |a Textbooks (elementary)  |2 SNKPHeng  |9 276977 
655 7 |a Activity books  |2 SNKPHeng  |9 302885 
700 1 |a Dzurňák, Dávid  |4 ill  |9 125409 
700 1 |a Horváth, Géza  |4 trl  |9 313555 
852 |a Štátna vedecká knižnica v Banskej Bystrici 
919 |a 978-80-10-03133-7 
958 |a OP 
968 |a Mag  |b SLO 
999 |c 1109502  |d 1111432 
952 |a SNK  |b SNK  |y PREZ  |7 0  |p 17A1272941  |o snkSB 90531/2  |i snk2017/21858  |8 0  |0 0  |1 0  |4 0  |d 2017-10-09  |f 1  |l 0  |r 2025-05-13 00:00:00  |w 2026-02-24 
952 |a SNK  |b SNK  |y VYP  |7 0  |p 17A1272942  |o snkSB 90531/2 D1  |i snk2017/21859  |8 0  |0 0  |1 0  |4 0  |d 2017-10-09  |l 0  |r 2026-02-24 17:56:46  |w 2026-02-24